000 00858cam a2200229 a 4500
001 000014053
005 20260224094453.0
008 951018s1994 ck b 000 0 spa
020 _z95893610702
035 _a(DLC) 95215562
040 _aDO-SdBNP
_bspa
_cBNPHU
082 _a348.06135
_bG216d
100 1 _aGarcía Méndez, Emilio.
_931837
245 1 0 _aDerecho de la infancia adolescencia en América Latina :
_bde la situación irregular a la protección integral /
_cEmilio García Méndez ; prólogo Marta Mauras.
260 _aSantafé de Bogotá :
_bForum Pacis,
_c1994.
300 _a191 p. ;
_c24 cm.
504 _aIncluye bibliografía: (p. 191) y notas al pie de las páginas.
650 0 _aDerechos del niño
_95135
650 4 _aNiños
_xEstado legal, legislación, etc.
_916467
910 _aCatalogación por copia / LC
049 _aBNGR
999 _c13655
_d13655